000 01343cam a2200301 a 4500
001 15880188
005 20100622091823.0
008 090825s2010 fluaf b 001 0 eng
020 _a1420079506 (hardcover : alk. paper)
020 _a9781420079500 (hardcover : alk. paper)
040 _aDLC
_cDLC
_dUKM
_dC#P
_dBWX
_dYDXCP
_dDLC
082 0 0 _a621.3670285
_222
_bQID
100 1 _aQidwai, Uvais.
_929002
245 1 0 _aDigital Image Processing :
_ban Algorithmic Approach with MATLAB /
_cUvais Qidwai and C.H. Chen.
260 _aBoca Raton :
_bCRC Press,
_cc2010.
300 _axx, 286 p., [8] p. of plates :
_bill. (some col.) ;
_c25 cm.
490 1 _aChapman & Hall/CRC textbooks in computing
_929003
500 _a"A Chapman & Hall book."
504 _aIncludes bibliographical references and index.
630 0 0 _aMATLAB.
_929004
650 0 _aImage processing
_xDigital techniques.
_929005
653 _bGen
_cFebruary2012
700 1 _aChen, C. H.
_q(Chi-hau),
_d1937-
_929006
830 0 _aChapman & Hall/CRC textbooks in computing.
_929007
942 _2ddc
_cBB
999 _c16489
_d16489